Klavierwerke Piano compositions
| Main Author: | |
|---|---|
| Format: | Book |
| Language: | Undetermined |
| PhysicalDescription: | 50 s. |
| Published: |
Wien
|
MARC
| LEADER | 00000nam a2200000 a 4500 | ||
|---|---|---|---|
| 001 | vtls001355334 | ||
| 003 | SK-MaSNL | ||
| 005 | 20260301010507.0 | ||
| 008 | 240314suuuu xx 0 und | ||
| 035 | |a SNK000308792 | ||
| 040 | |a SNK |b slo |c SNK |e AACR2 | ||
| 100 | 1 | |a Scarlatti, Domenico, |d 1685-1757 |4 aut |9 119411 | |
| 245 | 1 | 0 | |a Klavierwerke |b Piano compositions |
| 260 | |a Wien | ||
| 300 | |a 50 s. | ||
| 999 | |c 548262 |d 550192 | ||
| 952 | |t P60, <04>, [BOOK], {604} |a SNK |b SNK |y VYP |7 0 |p 17A0180829 |o snkHIB 9613/1 |0 0 |1 0 |4 0 |d 1999-02-16 |l 0 |r 2005-01-02 00:00:00 |w 2026-02-23 | ||


